Normal view
MARC view
- Plastics
Entry Topical Term
001 - CONTROL NUMBER
- control field: 85090
003 - CONTROL NUMBER IDENTIFIER
- control field: NUST
005 - DATE AND TIME OF LATEST TRANSACTION
- control field: 20211125104409.0
008 - FIXED-LENGTH DATA ELEMENTS
- fixed length control field: 211125|| aca||aabn | a|a d
040 ## - CATALOGING SOURCE
- Original cataloging agency: NUST
- Transcribing agency: NUST
150 ## - HEADING--TOPICAL TERM
- Topical term or geographic name entry element: Plastics
- Form subdivision: Encyclopedias
670 ## - SOURCE DATA FOUND
- Source citation: Work cat.: (NUST)32116: Harper, Charles A. 85089, Plastics Materials and Processes :, c2003.
